NTC : Vocabulary Builders Red Book

Bibliographic Details
Main Author: Fishers, Peter
Format: Book
Published: USA : National Textbook Company , 2002
Subjects:

MARC

LEADER 00000cam a2200000 7i4500
001 0000012779
005 20050420.0
020 |a 0071203184 
040 |a INS 
090 0 0 |a F526   |b 2002 
100 1 |a Fishers, Peter 
245 1 0 |a NTC :   |b Vocabulary Builders Red Book   |c Peter Fishers 
260 |a USA :   |b National Textbook Company ,   |c 2002 
300 |a v :   |b 168p ;   |c 28cm. 
650 0 0 |a Vocabulary 
999 |a 0000013291   |b BOOK   |c Open Shelf   |e Default branch